An introduction to the world's oceans (Record no. 7924)

000 -LEADER
fixed length control field 00530 a2200181 4500
020 ## - INTERNATIONAL STANDARD BOOK NUMBER
International Standard Book Number 0697282732
040 ## - CATALOGING SOURCE
Original cataloging agency DLC
Language of cataloging DLC
082 ## - DEWEY DECIMAL CLASSIFICATION NUMBER
Classification number 551.46
100 1# - MAIN ENTRY--PERSONAL NAME
Personal name Duxbury, Alyn C.,
245 13 - TITLE STATEMENT
Title An introduction to the world's oceans
Statement of responsibility, etc. Alyn C. Duxbury, Alison B. Duxbury.
246 30 - VARYING FORM OF TITLE
Title proper/short title World's oceans.
250 ## - EDITION STATEMENT
Edition statement 5th ed.
260 ## - PUBLICATION, DISTRIBUTION, ETC.
Place of publication, distribution, etc. Dubuque, IA :
Name of publisher, distributor, etc. Wm. C. Brown Publishers,
Date of publication, distribution, etc. c1997.
300 ## - PHYSICAL DESCRIPTION
Extent xv, 504 p. :
Other physical details ill. (some col.) ;
Dimensions 29 cm.
650 #0 - SUBJECT ADDED ENTRY--TOPICAL TERM
Topical term or geographic name entry element Oceanography.
700 1# - ADDED ENTRY--PERSONAL NAME
Personal name Duxbury, Alison.
942 ## - ADDED ENTRY ELEMENTS (KOHA)
Koha item type Book
Call number prefix 551.46 DUX
Source of classification or shelving scheme
Holdings
Withdrawn status Lost status Damaged status Not for loan Collection code Permanent Location Current Location Shelving location Date acquired Total Checkouts Full call number Barcode Date last seen Price effective from Koha item type
          Central Library (CL) Central Library (CL) General Stacks 12/09/2000   551.46 DUX SEECS000737 11/14/2012 01/05/2017 Book
© 2023 Central Library, National University of Sciences and Technology. All Rights Reserved.